| 000 | 00651nam a2200205 4500 | ||
|---|---|---|---|
| 003 | OSt | ||
| 005 | 20230907092140.0 | ||
| 008 | 708 R549v | ||
| 040 | _cLado V | ||
| 082 |
_a779 _bG212r |
||
| 100 |
_91019 _aGaraicoa, Carlos _eautor |
||
| 245 | _aRecuadros/ | ||
| 260 |
_aCosta Rica _bJacob Karpio Galería _c2000 |
||
| 300 |
_a5p. _c19.5x20.5cm |
||
| 650 |
_2Tesauro de Arte & Arquitectura _aARTE _9702 |
||
| 650 |
_2Tesauro de Arte & Arquitectura _aEXHIBICION _9702 |
||
| 650 |
_2Tesauro de Arte & Arquitectura _aFOTOGRAFÍA _9702 |
||
| 650 |
_2Tesauro de Arte & Arquitectura _aARTE CONTEMPORANEO |
||
| 942 |
_2ddc _c1 _h779 _iG212r _n0 |
||
| 999 |
_c4276 _d4276 |
||